Alteraciones fisiológicas de los frutos cítricos

Guardat en:
Dades bibliogràfiques
Autors principals: Agustí Fonfría, Manuel (Autor), Almela, V (Autor), Juan, M (Autor)
Format: Llibre
Idioma:espanyol
Publicat: Madrid Ministerio de Agricultura, Pesca y Alimentación 2004
Matèries:
Etiquetes: Afegir etiqueta
Sense etiquetes, Sigues el primer a etiquetar aquest registre!

MARC

LEADER 00000nam a2200000 a 4500
001 UCG7309
003 CL-VaPUC
008 110715e20040000SP |||||||||||||||||spa|d
020 |a 8449106362 
082 0 4 |a 634.304  |b AGU  |2 21 
100 0 |a Agustí Fonfría, Manuel  |e author  |9 558002 
700 0 |a Almela, V  |e author  |9 558003 
700 0 |a Juan, M  |e author  |9 558004 
245 1 0 |a Alteraciones fisiológicas de los frutos cítricos 
300 |a 126 p 
942 |c BK 
945 |d 20110715 00:00:00  |a dcastane 
260 |a Madrid  |b Ministerio de Agricultura, Pesca y Alimentación  |c 2004 
650 7 |a FRUTOS CITRICOS  |2 CL-VaPUC  |9 380193 
650 0 |a Fisiología vegetal  |9 260158 
650 0 |a Control de plagas  |9 327373 
650 0 |a Enfermedades de las plantas  |9 259687 
583 |a last modification  |c 20120321 02:21:42  |k Rodrigo Vera 
999 |c 345335  |d 345333 
952 |0 0  |1 0  |4 0  |6 634_304000000000000_AGU_2004  |7 0  |8 R  |9 443965  |a BIBAGR  |b BIBAGR  |d 2019-11-22  |i 478717K  |l 2  |o 634.304 AGU 2004  |p 478717K  |r 2025-01-20  |s 2022-12-05  |w 2019-11-22  |y BK_R  |k AGR